header

The prose works of William Wordsworth. (Record no. 93283)

MARC details
000 -LEADER
fixed length control field 01454nam a2200325 a 4500
100 1# - MAIN ENTRY--AUTHOR NAME
Personal name Wordsworth, William,
245 14 - TITLE STATEMENT
Title The prose works of William Wordsworth.
260 ## - PUBLICATION, DISTRIBUTION, ETC. (IMPRINT)
Place of publication Tirril [England] ;
-- Penrith, Calif. :
Name of publisher Humanities-Ebooks,
Year of publication 2008.
300 ## - PHYSICAL DESCRIPTION
Number of Pages 457 p.
490 0# - SERIES STATEMENT
Series statement The prose works of William Wordsworth ;
500 ## - GENERAL NOTE
General note Originally published : Oxford : Clarendon Press, 1974.
650 #0 - SUBJECT ADDED ENTRY--TOPICAL TERM
Topical Term English prose literature
700 1# - ADDED ENTRY--PERSONAL NAME
Personal name Owen, W. J. B.
Personal name Smyser, Jane Worthington.
856 40 - ELECTRONIC LOCATION AND ACCESS
Uniform Resource Identifier http://site.ebrary.com/lib/rucke/Doc?id=10567292

No items available.

© 2026 Rongo University
Contact us: librarian | system librarian | Rongo university